Perseguidos / (Registro nro. 297)
[ vista simple ]
| 000 -LEADER | |
|---|---|
| fixed length control field | 00635nam a22002057a 4500 |
| 003 - CONTROL NUMBER IDENTIFIER | |
| control field | OSt |
| 005 - DATE AND TIME OF LATEST TRANSACTION | |
| control field | 20260209113004.0 |
| 008 - FIXED-LENGTH DATA ELEMENTS--GENERAL INFORMATION | |
| fixed length control field | 240806s2026 ag ||||| |||| 00| f spa d |
| 020 ## - INTERNATIONAL STANDARD BOOK NUMBER | |
| International Standard Book Number | 84-89367-10-8 |
| 040 ## - CATALOGING SOURCE | |
| Transcribing agency | besoc |
| 100 1# - MAIN ENTRY--PERSONAL NAME | |
| Personal name | Patterson, James |
| Dates associated with a name | 1947- |
| Relator term | autor |
| 245 10 - TITLE STATEMENT | |
| Title | Perseguidos / |
| Statement of responsibility, etc. | James Patterson y Andrew Gross ; traducción de Alberto Magnet |
| 260 ## - PUBLICATION, DISTRIBUTION, ETC. | |
| Place of publication, distribution, etc. | Argentina : |
| Name of publisher, distributor, etc. | Umbriel, |
| Date of publication, distribution, etc. | 2006 |
| 300 ## - PHYSICAL DESCRIPTION | |
| Extent | 345 p. ; |
| Dimensions | 23 cm |
| 650 #7 - SUBJECT ADDED ENTRY--TOPICAL TERM | |
| Source of heading or term | embne |
| Topical term or geographic name entry element | Literatura norteamericana |
| 655 #7 - INDEX TERM--GENRE/FORM | |
| Source of term | embne |
| Genre/form data or focus term | Novelas de suspense |
| 700 1# - ADDED ENTRY--PERSONAL NAME | |
| Personal name | Gross, Andrew |
| Dates associated with a name | 1952-, |
| Relator term | autor |
| 700 1# - ADDED ENTRY--PERSONAL NAME | |
| Personal name | Magnet, Alberto |
| Dates associated with a name | 1953- |
| Relator term | traductor |
| 942 ## - ADDED ENTRY ELEMENTS (KOHA) | |
| Source of classification or shelving scheme | Universal Decimal Classification |
| Koha item type | Obra General |
| Suppress in OPAC | No |
| Withdrawn status | Lost status | Source of classification or shelving scheme | Damaged status | Not for loan | Collection | Home library | Current library | Date acquired | Total checkouts | Full call number | Barcode | Date last seen | Price effective from | Koha item type |
|---|---|---|---|---|---|---|---|---|---|---|---|---|---|---|
| Universal Decimal Classification | Colección General | Biblioteca Escuela de Ciencias Sociales | Biblioteca Escuela de Ciencias Sociales | 06/08/2024 | 82-312.4(73) P317 | 000944 | 06/08/2024 | 06/08/2024 | Obra General |